[Event "Rilton Cup 34th"]
[Site "Stockholm"]
[Date "2004.12.29"]
[Round "3"]
[White "Volkov, Sergey"]
[Black "Bellon Lopez, Juan Manuel"]
[Result "1-0"]
[WhiteElo "2628"]
[BlackElo "2425"]
[Annotator "Aagaard,J"]
[PlyCount "123"]
[EventDate "2004.12.27"]
[EventType "swiss"]
[EventRounds "9"]
[EventCountry "SWE"]
[SourceTitle "CBM 104 Extra"]
[Source "ChessBase"]
[SourceDate "2005.03.01"]
[SourceVersion "1"]
[SourceVersionDate "2005.03.01"]
[SourceQuality "1"]

{Bellon was doing well for a long time, but he was never a contender. His foxy
wins over lover rated players were not enough to compensate for weak play
against the high rated players. Here we shall see how he after 15 moves end up
in a lost position against the nr.1 seed. When I say lost position I mean that
he will be able to resist a long time, but the result is never truly in doubt.
} 1. d4 d5 2. c4 e6 3. Nf3 c6 4. e3 Bb4+ $6 {This check is highly excentric.
Usually we teach club players that you should put the pawns on the opposite
colour of your bishops in the opening. Here Bellon chooses to exchange the
"good" bishop.} 5. Bd2 Bxd2+ 6. Nbxd2 f5 $6 {So this was the idea? Black has a
bad Stonewall. The exchange White often will go to great lengths to achieve
has been performed with loss of time by Black.} 7. Bd3 Nf6 8. O-O O-O 9. b4 {
This should also not have been allowed to be played so easily.} Ne4 10. a4 Qe7
11. b5 a6 $2 {And here he is moving the pawns on the side where he is weaker.
This will only increase the White initiative, as it is easier for White to
attack the Black pawns as they move forward. Better was} (11... Nd7 {though
the position is already clearly worse.}) 12. Qb3 Kh8 13. Rfc1 Bd7 {This allows
a winning sequence, but it is difficult to suggest improvements.} 14. bxa6 Nxa6
15. c5 $1 {Now we end in a arch-typical position with good knight vs. awful
bishop.} Bc8 16. Bxa6 Nxd2 17. Nxd2 Rxa6 {and White won in 62 moves...} 18. Qc3
Qc7 19. a5 Bd7 20. Rcb1 Rfa8 21. Rb6 R6a7 22. Nf3 Kg8 23. Ne5 Bc8 24. g3 Ra6
25. Kg2 Kf8 26. Nd3 R6a7 27. Ra4 Kg8 28. Qa1 Bd7 29. Nb4 Qc8 30. Nd3 Qc7 31.
Qa2 Bc8 32. Ne5 Ra6 33. h3 Kf8 34. Qd2 Kg8 35. Ra1 R6a7 36. g4 Ra6 37. g5 Qd8
38. h4 Qe8 39. Kg3 Qe7 40. Qc3 Qe8 41. Nd3 Qf7 42. f3 Qc7+ 43. Kg2 Qf7 44. Qe1
Qc7 45. Rxa6 Rxa6 46. Qg3 Qxg3+ 47. Kxg3 Kf8 48. Kf4 Ke7 49. Ke5 Bd7 50. Nf4
Ra8 51. Nh5 Rf8 52. Nxg7 f4 53. exf4 Rf7 54. f5 exf5 55. Nh5 Bc8 56. Kf4 Rf8
57. Re1+ Kf7 58. Ng3 Bd7 59. h5 Ra8 60. Nxf5 Bxf5 61. Kxf5 Rxa5 62. g6+ 1-0

[Event "Candidates Tournament"]
[Site "Khanty-Mansiysk"]
[Date "2014.03.21"]
[Round "7"]
[White "Andreikin, Dmitry"]
[Black "Topalov, Veselin"]
[Result "1-0"]
[WhiteElo "2709"]
[BlackElo "2785"]
[Annotator "Andreikin,D"]
[PlyCount "53"]
[EventDate "2014.03.13"]
[EventType "tourn"]
[EventRounds "14"]
[EventCountry "RUS"]
[EventCategory "21"]
[SourceTitle "CBM 160"]
[Source "ChessBase"]
[SourceDate "2014.05.15"]
[SourceVersion "1"]
[SourceVersionDate "2014.05.15"]
[SourceQuality "1"]

1. Nf3 d5 2. d4 Nf6 3. c4 e6 4. Bg5 h6 5. Bxf6 Qxf6 6. Nbd2 Be7 {I prefer this
natural move to the one chosen by Kramnik 6...g6?! (Andreikin-Kramnik,
Dortmund 2013. 1-0)} 7. Qc2 O-O 8. e3 c5 {A logical continuation.} ({If Black
plays passively, White can begin a dangerous attack:} 8... c6 $6 9. h4 $1 Nd7
10. g4 $40) 9. dxc5 Nd7 ({Another interesting idea is} 9... Na6 $5 10. cxd5
exd5 11. Bxa6 Qxa6 12. Nd4 Bd7 13. b4 Bf6 $44) 10. cxd5 exd5 $6 {Here is the
first important moment.} ({After} 10... Nxc5 11. dxe6 (11. d6 Bxd6 12. Rd1 $11)
11... Bxe6 12. Bc4 Bf5 13. e4 {we both overlooked} Nxe4 $1 {At the press
conference after the game Veselin was talking about the move 13...Bg6?!} 14.
Nxe4 Qg6 {Black develops a dangerous initiative, for example} 15. Bd5 (15. Nfd2
Rac8 16. O-O b5 17. Bxf7+ Rxf7 18. Qd3 Bg5 $17) (15. O-O $5 Bxe4 16. Qb3 Rad8 {
Black has the advatage of the two bishops.}) 15... Rfd8 16. Bxb7 Qxg2 17. Ke2 (
17. Rg1 $2 Qxf3 18. Nf6+ Bxf6 19. Bxf3 Bxc2 $19) 17... Bg4 18. Qb3 Rab8 19.
Rhg1 Qxf3+ 20. Qxf3 Bxf3+ 21. Kxf3 Rxb7 $15 {This endgame is better for Black.}
) 11. Nb3 {Of course, now I don't give up the c-pawn.} a5 (11... b6 12. c6 Nb8
13. Rc1 Bb4+ 14. Nbd2 Bf5 15. Bd3 Bxd3 16. Qxd3 Nxc6 17. O-O $14) 12. a4 $5 {
I supported my opponent's aspiration for a difficult fight.} (12. Bd3 a4 13.
Nbd4 Nxc5 14. O-O $11) 12... b6 13. c6 Bb4+ 14. Kd1 Nc5 {I prefer this move to
the passive:} (14... Nb8 $6 {with idea to win back a pawn.} 15. Nbd4 Bc5 16.
Bb5 Bg4 17. h3 Bxf3+ 18. Nxf3 Nxc6 19. Bxc6 Qxc6 20. Ke2 {If the white king is
consolidated, Black will get an unpleasant endgame.}) 15. Nbd4 Ne4 $2 {The
black knight in the centre is beautiful, but not effective. Black had an
opportunity to activate other pieces:} (15... Bg4 $1 16. Bb5 ({During the game
I wanted to make another move:} 16. h3 $6 Bxf3+ 17. gxf3 Ne6 18. Qf5 {but here
I didn't see} Qh4 $1 $17 19. Bd3 g6 20. Rg1 Ng5 $1 $19) 16... Ne6 17. Kc1 Bc5
18. Qd2 Bb4 19. Qc2 Bc5 $11) 16. Bb5 {The white position is better. The pawn
on c6 is very strong!} g5 $2 {This is a continuation plan associated with
mistaken knight move.  Black could qualify for counterplay after} (16... Bg4
17. Kc1 Bh5 $5 18. Bd3 $5 (18. Kb1 Bg6 19. Bd3 Nxf2 20. Bxg6 Qxg6 21. Qxg6 fxg6
22. Rc1 Nd3 23. Rd1 Nf2 24. Rc1 Nd3 $11) 18... Nc5 19. Bf5 Bxf3 20. gxf3 g6 21.
Bh3 Na6 $1 22. Bf1 $5 (22. Kb1 Bc5 $11) 22... Rfc8 23. Bxa6 Rxa6 24. c7 Ra7 25.
Nb5 Bd6 26. Nxa7 Rxc7 27. Nc6 Bf8 28. Kb1 Rxc6 $44) 17. h3 $16 {Now Black is
devoid of any counterplay.} h5 $6 {This is an unnecessary weakening of the
king. Black should think about defence} (17... Ra7 18. Kc1 Rc7 19. Kb1 Rd8 20.
Ka2 Bf8 21. Rac1 Bg7 $16 {White's position is winning, but not very easy.}) 18.
Kc1 $1 {I can ignore the activity of my opponent.} Bc5 {This move is a
recognition of the failure of his plan. After} (18... g4 19. hxg4 hxg4 20. Kb1
$1 gxf3 21. gxf3 Ng5 22. Ka2 $18 {Black's king is doomed.}) 19. Kb1 Re8 20. Ka2
$18 {Black has played badly and this position is already absolutely lost. The
weakness of the kingside should soon be crucial.} Ra7 21. Rad1 Kf8 22. Rhf1 Kg7
23. Ka1 Bf8 $2 24. Ne2 Rd8 25. h4 $1 g4 26. Nf4 Kg8 27. Nxd5 1-0

[Event "FRA-ch"]
[Site "Meribel"]
[Date "1998.08.22"]
[Round "9"]
[White "Prie, Eric"]
[Black "Bacrot, Etienne"]
[Result "0-1"]
[WhiteElo "2465"]
[BlackElo "2555"]
[Annotator "Apicella,M"]
[PlyCount "66"]
[EventDate "1998.08.14"]
[EventType "tourn"]
[EventRounds "15"]
[EventCountry "FRA"]
[EventCategory "10"]
[SourceTitle "CBM 067"]
[Source "ChessBase"]
[SourceDate "1998.11.30"]
[SourceVersion "2"]
[SourceVersionDate "1998.11.01"]
[SourceQuality "1"]

{After an excellent start (9/12), Etienne Bacrot unfortunately fell apart in
the last three rounds, where he managed only one draw. As a result, Iossif
Dorfman overtook him. Let's take a look at how he overwhelmed his former
teacher and newly appointed French National Chess Director with Black.} 1. Nf3
d5 2. d4 c6 3. c4 e6 4. Qc2 Nf6 5. Bg5 h6 6. Bxf6 Qxf6 7. a3 $5 (7. g3 Nd7 8.
Bg2 (8. Nbd2 dxc4 9. Bg2 Bb4 10. Qxc4 Qe7 11. O-O Bd6 12. Ne4 Bc7 13. b4 O-O
14. Rac1 a6 $11 {Schlosser,P-Godena,M/Horgen 1994/1/2-1/2 (31)}) 8... dxc4 (
8... Bb4+ 9. Nc3 O-O 10. O-O dxc4 11. Ne4 Qf5 12. Qxc4 Qxe4 13. Qxb4 Qxe2 14.
Rfe1 Qa6 15. Ne5 $44 {Baumegger - Soln 1998/0-1 (32)}) 9. Qxc4 e5 $2 10. dxe5
Nxe5 11. Nxe5 Qxe5 12. Bxc6+ $1 bxc6 13. Qxc6+ Kd8 14. Nc3 $1 {1-0 Yermolinsky,
A-Kalikshteyn,A/New York op 1993}) (7. Nc3 dxc4 (7... Nd7 8. e4 dxe4 9. Nxe4
Bb4+ 10. Nc3 Qe7 11. Bd3 Nf6 12. O-O c5 13. Qe2 Bxc3 14. bxc3 O-O 15. a4 $14 {
Novikov,I-Kuijf,M/EuClub Cup qual Gp 1997/1/2-1/2 (41)}) 8. e3 Nd7 9. Bxc4 g6
10. O-O Bg7 11. b4 $14 {Sakaev,K-Beshukov,S/Russia Cup GP 1997/1-0 (57)}) 7...
Nd7 8. e4 dxe4 9. Qxe4 g6 10. Nc3 Bg7 11. h4 $6 {This move shows an aggressive
temperament, which is quite unusual for Eric Prié.} O-O 12. h5 e5 $1 {This is
an essential principle: an attack on either side should be followed by a
response in the center.} 13. d5 Nc5 14. Qe3 Nb3 15. Ne4 (15. Rd1 Nd4 $17) 15...
Qf4 16. Qxb3 (16. Qxf4 $2 exf4 17. Rb1 Re8 $19) 16... Qxe4+ 17. Be2 gxh5 $5 (
17... g5 $15) 18. Rxh5 (18. dxc6 $142) 18... cxd5 19. cxd5 Bg4 20. Rh4 h5 $15 {
[%csl Re1]} 21. Rd1 Rad8 22. Ng1 $2 (22. Qxb7 Rd7 (22... Rb8 23. Qxa7 Rxb2 24.
Qe3 $13) 23. Qc6 Rfd8 $15) 22... Qxg2 23. Bxg4 hxg4 24. Ne2 Rd6 $1 {[%csl Rf2]
[%cal Gd6f6,Gf6f2]} 25. Rd3 $6 (25. Qg3 Qxg3 26. fxg3 f5 $17) (25. Qd3 Rfd8 $17
) 25... Rf6 26. Rg3 Qxf2+ 27. Kd1 Rf3 $19 28. Qc2 Rd8 29. Qh7+ Kf8 30. Rxf3
gxf3 31. Nc3 Qg1+ 32. Kc2 Qg2+ 33. Kb3 f2 0-1

[Event "Belgrade Trophy 29th"]
[Site "Belgrade"]
[Date "2015.11.27"]
[Round "4"]
[White "Atalik, Suat"]
[Black "Radovanovic, Mihajlo"]
[Result "1/2-1/2"]
[WhiteElo "2570"]
[BlackElo "2379"]
[Annotator "Atalik,S"]
[PlyCount "138"]
[EventDate "2015.11.24"]
[EventType "swiss"]
[EventRounds "9"]
[EventCountry "SRB"]
[SourceTitle "CBM 170"]
[Source "ChessBase"]
[SourceDate "2016.01.15"]
[SourceVersion "1"]
[SourceVersionDate "2016.01.15"]
[SourceQuality "1"]

1. d4 d5 2. c4 e6 {Knowing that Mihajlo used to play the Tarrasch Defence I
went for a special system I have had in mind.} 3. Nf3 $5 (3. Nc3 c5 4. cxd5
exd5 5. Nf3 Nc6 6. Bg5 f6 $1 (6... Be7 7. Bxe7 Ngxe7 8. dxc5 (8. e3 c4 $1) 8...
d4 9. Ne4 O-O $44) 7. Be3 c4 8. g3 Bb4 9. Bg2 Nge7 10. O-O O-O {is something I
do not fancy at all.}) 3... c5 4. cxd5 exd5 5. Bg5 $5 {First picked up by
Korchnoi.} Be7 {I thought that this ought to be a slight inaccuracy and
possibly I was on the right track.} (5... f6 6. Be3 $5 (6. Bf4 Nc6 (6... c4 7.
e4 dxe4 8. Nfd2 $44) 7. e3 c4 (7... g5 8. Bg3 g4 9. Nfd2 cxd4 10. exd4 Nxd4 11.
Nc3 $44) 8. Be2 Bb4+ 9. Nfd2 $13) (6. Bd2 Nc6 (6... c4 7. b3) 7. dxc5 (7. Bc3
Nh6 $5) 7... Bxc5 8. Nc3 (8. e3 Nge7 (8... d4 $2 9. Nxd4 Nxd4 10. Qh5+ $1) 9.
Be2 $14) 8... Nge7 9. e3 (9. Rc1 a6 10. g3 $5) 9... O-O 10. Be2) 6... c4 7. g3
Nc6 8. Bg2 Bb4+ 9. Bd2 {is Oldman's idea.}) 6. Bxe7 Nxe7 (6... Qxe7 7. dxc5
Qxc5 8. Nbd2 Nc6 9. Nb3 Qb4+ 10. Qd2 Qxd2+ 11. Nfxd2 Nf6 12. e3 $14) 7. dxc5
Nbc6 $5 {For some reason or another, I underrated this move. It looked as if
Black had lost a pawn to me.} (7... Qa5+ 8. Nc3 (8. Qd2 Qxc5 9. Qc3 $14) 8...
Nbc6 (8... Qxc5 9. Qd4 Qxd4 10. Nxd4 Nbc6 11. Rd1 $14) 9. e3 Qxc5 10. Be2 O-O
11. O-O $14) (7... O-O 8. Nc3 Qa5 9. e3 Qxc5 10. Be2) 8. Qd2 $5 $146 (8. Nbd2
$142 Qa5 9. Qc1 {keeps the pawn.}) (8. e3 Qa5+ 9. Qd2 Qxc5 10. Qc3 $14) 8...
Bg4 (8... d4 9. g3 Qd5 10. Bg2 Qxc5 11. O-O O-O 12. Na3 $14) 9. Nd4 {The most
direct approach.} (9. g3 $142 Bxf3 10. exf3 O-O 11. Bg2 (11. Be2 $5)) 9... O-O
10. e3 Nxd4 11. Qxd4 (11. exd4 $2 Nf5 $40) 11... Be6 (11... Qd7 12. Nc3) 12.
Nc3 Nc6 13. Qf4 $6 {A risky move.} (13. Qd2 Qe7 $1 14. Bb5 (14. Be2 Qxc5 15.
Nb5 a6 16. Nd4 $11) 14... Qxc5 15. Bxc6 bxc6 16. O-O $11) 13... Qe7 14. Bd3 $5
(14. Be2 Qxc5 15. O-O) 14... d4 (14... Qxc5 15. O-O Rad8 16. Rac1 {and Black
is also set up for the d4 thrust.}) 15. exd4 $1 {The safest!} (15. Ne4 f5 (
15... Nb4 16. Bb1 $1 d3 (16... dxe3 17. Qxe3) 17. O-O) 16. Nd6 b6 17. O-O (17.
exd4 Bc4+ 18. Kd2 Bxd3 19. Kxd3 Qf6 $44) 17... bxc5 18. Nxf5 Qd7 19. g4 g6 20.
Qg5 $13 {looks very dangerous.}) 15... Bc4+ 16. Kd2 Rfd8 $8 (16... Bxd3 $2 17.
Rae1 $16 (17. Rhe1 Qd7 18. Kxd3 $16)) 17. Rhe1 $2 {Not the first strange
decision in this game.} (17. Rae1 Qf8 18. d5 Bxd3 (18... Bxd5 $5 19. Nxd5 Rxd5
20. Qe4 Rh5 21. g4 Rh4 22. Kc2 Rd8 23. h3 Qxc5+ 24. Kb1 $13) 19. Kxd3 (19. dxc6
$2 Qxc5 (19... bxc6 $5)) 19... Qxc5 20. Re4 (20. Kc2 Nb4+ 21. Kb1 Nxd5 22. Nxd5
Qxd5 23. Qe4 $11) (20. a3 Rac8 (20... Ne7 21. Qd4 Qd6 22. Kc2 Nxd5 23. Qxd5 $1
(23. Nxd5 Qc6+) 23... Qxd5 24. Nxd5 Rxd5 $11) 21. Kc2 Rxd5 22. Kb1) 20... Rxd5+
21. Nxd5 Rd8 22. Qe3 Rxd5+ 23. Ke2 Nd4+ 24. Rxd4 Rxd4 25. Qe8+ $11) (17. d5 $2
Bxd3 18. d6 Bg6 $1 {just blunders a piece.}) 17... Qf8 18. d5 Bxd3 {He might
go for} ({a serious alternative.} 18... Bxd5 $142 $5 19. Nxd5 Rxd5 20. Qe4 Rh5
21. g4 (21. Rac1 Rd8 22. Kc2 Qxc5+ 23. Kb1) 21... Rxh2 22. Qf4 Rh3 23. Rh1 Rxh1
24. Rxh1 Rd8 $17) 19. Kxd3 Qxc5 20. Re4 $5 {Possibly the best under the
circumstances.} (20. Rad1 Nb4+ 21. Ke2 Nxd5 (21... Nc2 22. Rh1 $11) 22. Nxd5
Rxd5 23. Rxd5 Qxd5 24. Kf1 Qb5+ 25. Kg1 Qxb2 26. a4 $15) (20. a3 Rxd5+ (20...
Ne7 21. Qb4 Qxb4 22. axb4 Nxd5 23. Kc4 (23. Nxd5 Rxd5+ 24. Kc4 Rd7 $1 $11 25.
Rxa7 $140 $4 b5+ $1 $19)) 21. Nxd5 Qxd5+ 22. Kc2 Nd4+ 23. Kb1 Nb3 24. Qc7 Nxa1
25. Kxa1 Qxg2 $15) 20... Rxd5+ $1 21. Nxd5 Qxd5+ 22. Ke2 $1 {Other moves do
lose on the spot.} (22. Kc2 Nb4+ $19) (22. Kc3 Rc8 $19) (22. Ke3 $2 f5 $19)
22... f5 (22... Rd8 $2 23. Kf1 $1 $18) 23. Rc4 $8 (23. Re3 $2 Nd4+ 24. Kf1 (24.
Ke1 Nc2+) 24... Qc4+ $1 $19 {wins the queen.}) {Burning his remaining time
Mihajlo charged with} 23... Ne5 $1 $138 (23... Rd8 24. f3 Ne5 25. b3 $11 (25.
Rac1 $5)) (23... b5 $2 24. Rc3 (24. Rxc6 $11) 24... Qxg2 25. Rd1 Re8+ 26. Re3
$18) 24. Rd4 $2 {White has an even better tactical line.} (24. Rc3 $1 Qb5+ 25.
Kd1 Rd8+ (25... Qxb2 26. Qd2 $3 {I absolutely missed this.} (26. Qc1 Rd8+ 27.
Ke1 Qxc1+ 28. Raxc1 Nd3+ 29. Rxd3 Rxd3 30. Rc8+ Kf7 31. Rc7+ Kf6 32. Rxb7 Ra3
$15) 26... Qxa1+ $2 (26... Qb5 27. a4) 27. Rc1 $18) 26. Kc2 Qe2+ 27. Kb3 Qb5+
$11) 24... Qb5+ 25. Kd1 $1 (25. Ke1 Re8 $19) 25... Re8 $2 ({Strangely enough,
White's rook could not have landed on the absolute 7th after} 25... Qf1+ $1 26.
Kd2 Qxa1 27. Qxe5 Qxb2+ 28. Ke3 Qa3+ 29. Rd3 (29. Kf4 Qxa2 30. Kg3 Qf7 $19)
29... f4+ 30. Ke4 Qxa2 $19) 26. Qd2 $1 {This is the base of my calculation.} (
26. Rc1 Nd3 27. Rxd3 Qxd3+ 28. Qd2 Qf1+ (28... Qb5 $5 29. b3) 29. Kc2 Qxg2 30.
Kb3 $17) 26... Qf1+ $2 {The only chance for a win lies in the pawn ending.} (
26... Nc6 $1 27. Rd3 Nb4 28. Re3 Qf1+ 29. Re1 $1 (29. Qe1 $2 Rd8+ 30. Kc1 Nd3+
$19) 29... Qxe1+ (29... Rxe1+ 30. Qxe1 Qd3+ 31. Qd2 $11) 30. Qxe1 Rxe1+ 31.
Kxe1 Nc2+ 32. Kd2 Nxa1 33. Kc1 Kf7 34. Kb1 Nb3 $5 (34... Ke6 35. Kxa1 Ke5 (
35... f4 36. Kb1 f3 37. g3 Kf5 38. h3 Ke4 39. Kc2 Kd4 40. Kd2 b5 41. Kc2 b4 42.
Kd2 g5 43. b3 $11) 36. Kb1 Kd4 37. Kc2 g5 38. Kd2 b5 39. Kc2 h5 40. Kd2 g4 41.
Kc2 b4 42. Kd2 Ke4 43. Ke2 h4 $19 {and Black finally cracks White's Maginot
Line.}) 35. axb3 Ke6 36. Kc2 Kd5 37. Kc3 a5 38. b4 a4 39. Kd3 g6 40. f3 g5 41.
Kc3 f4 42. Kd3 Kc6 43. Kc4 Kb6 44. b5 Ka5 45. Kc5 b6+ 46. Kc6 h5 47. h3 h4 $19
{may be one of the possible scenarios.}) 27. Kc2 Qxa1 (27... Rc8+ 28. Kb3 Qxa1
29. Rd8+ Rxd8 30. Qxd8+ Kf7 31. Qd5+ Kf6 32. Qd6+ Kf7 33. Qxe5 Qd1+ $11 {
may even be simpler.}) 28. Rd8 Rxd8 29. Qxd8+ Kf7 30. Qd5+ Kf8 (30... Kf6 31.
Qd6+ Kf7 32. Qxe5 Qxa2 33. Qxf5+ Ke7 $11) 31. Qxe5 (31. Qd6+ Kf7 32. Qxe5 Qxa2
33. Qxf5+ Ke7 34. Qxh7 Qc4+ 35. Kd2 Qd4+ $11) 31... Qxa2 32. Qxf5+ (32. Qb8+
Ke7 33. Qxb7+ Kf6 $11) 32... Qf7 33. Qc5+ (33. Qc8+ Qe8 34. Qxb7 Qe2+ 35. Kc3
Qxf2 $11) 33... Qe7 34. Qxa7 Qe4+ 35. Kc3 Qxg2 36. Qc5+ Kf7 37. Qf5+ Kg8 (37...
Ke7 38. Qxh7 Qc6+ 39. Kd2 Qd6+ 40. Kc1 Qc6+ 41. Qc2 Qh1+ $11) 38. f3 {I was
very proud of this try just before the time control but Black could hold
effortlessly even after that.} (38. Kd4 $5) 38... Qxh2 39. Qc8+ Kf7 40. Qxb7+
Kf6 41. Qc6+ Kf5 (41... Ke7 $11) 42. b4 (42. Qe4+ Kf6 43. b4 Qe5+ $11) 42...
Qe5+ $1 43. Kd3 h5 (43... Qe6 $5) 44. b5 ({I could have tried} 44. Qe4+ $5 Kf6
$1 $11 {is the simplest of all.} (44... Qxe4+ 45. fxe4+ Ke6 $1 (45... Ke5 $2
46. b5 Kd6 47. Kd4 h4 48. e5+ Ke6 49. b6 h3 50. b7 h2 51. b8=Q h1=Q 52. Qe8+
Kf5 53. Qf7+ Kg4 54. Qxg7+ Kf5 55. Qf6+ Kg4 $16) 46. b5 (46. Ke3 h4 47. Kf3 h3
48. Kg3 Ke5 49. b5 Kd6 50. Kxh3 Kc5 $11) 46... h4 47. Ke3 h3 (47... Kd6 48. Kf3
g5 $11 49. Kg4 Kc5 50. e5 Kxb5 51. Kxg5 h3 52. e6 $11) 48. Kf3 h2 49. Kg2 Kd6
50. Kxh2 Kc5 51. e5 Kxb5 $11)) 44... h4 45. b6 ({This time} 45. Qe4+ $5 {
is completely toothless.} Ke6 $11 (45... Qxe4+ 46. fxe4+ Ke6 47. Ke3 (47. b6 h3
) 47... Kd6 48. Kf3 (48. Kf4 g5+) 48... Kc5 $11 (48... g5 49. Kg4 Kc5 50. e5
Kxb5 51. Kxg5 h3 52. e6 $11) 49. Kg4 g5 50. e5 $11)) 45... h3 46. b7 h2 47.
Qe4+ (47. Qc8+ Kf6 $11) 47... Qxe4+ 48. fxe4+ Ke6 49. b8=Q h1=Q 50. Qe8+ Kf6
51. Qf8+ (51. e5+ Kf5) 51... Ke6 $1 $11 {It was time to draw! The rest was
useless.} (51... Kg6 52. Qf5+ Kh6 53. Kd4 Qa1+ 54. Kd5 Qf6 $11) 52. Qe8+ (52.
Qg8+ Kf6 $11) (52. Qxg7 $11) 52... Kf6 53. Qc6+ Ke7 54. Qc7+ Ke6 55. Qc6+ Ke7
56. Qc7+ Ke6 57. Qc4+ Ke7 58. Qc5+ Ke6 59. Qf5+ Ke7 60. Qg5+ Kf7 61. Qf4+ Ke7
62. Qg5+ Kf7 63. Qf5+ Ke7 64. Ke3 Qe1+ 65. Kf3 Qf1+ 66. Kg3 Qxf5 67. exf5 Kf6
68. Kf4 g6 69. fxg6 Kxg6 1/2-1/2

[Event "Paracin Summer op-A 11th"]
[Site "Paracin"]
[Date "2018.07.13"]
[Round "9"]
[White "Tomic, Aleksandar"]
[Black "Atalik, Suat"]
[Result "1/2-1/2"]
[WhiteElo "2347"]
[BlackElo "2509"]
[Annotator "Atalik,S"]
[PlyCount "144"]
[EventDate "2018.07.06"]
[EventType "swiss"]
[EventRounds "9"]
[EventCountry "SRB"]
[SourceTitle "CBM 186"]
[Source "ChessBase"]
[SourceDate "2018.09.14"]
[SourceVersion "1"]
[SourceVersionDate "2018.09.14"]
[SourceQuality "1"]

1. d4 d5 2. c4 e6 3. Nf3 c6 {Avoiding the Catalan.} 4. Qc2 Nf6 5. g3 (5. Nbd2
dxc4 6. Nxc4 c5 $132) 5... dxc4 6. Qxc4 b5 7. Qc2 Bb7 8. Bg2 Nbd7 9. Nc3 $2 {
The knight is almost always bad when Black's queenside has expanded.} (9. Ne5
Qb6 (9... Nd5)) (9. a4 c5 10. O-O b4) 9... c5 10. O-O b4 (10... a6 $5) (10...
Qb6 $6 11. Be3 $1 Ng4 12. dxc5 Nxe3 13. cxb6 Nxc2 14. Rac1) 11. Na4 Rc8 12.
Nxc5 Nxc5 13. dxc5 Bxc5 14. Qa4+ Bc6 15. Qa6 O-O 16. Bg5 Qb6 17. Qxb6 axb6 $1
$146 {More dynamic} ({than the usual} 17... Bxb6) 18. Bxf6 gxf6 19. Rfd1 Rfd8
20. Ne1 Bb5 21. Kf1 Bd4 $2 (21... f5 $17) 22. Rab1 (22. Rd2 $142 Rd7 (22... Be5
23. Rad1 Rxd2 24. Rxd2 f5 25. f4 Bf6 26. Rd6 $11) 23. Rad1 Rcd8 24. Nc2 $1 Bxb2
25. Rxd7 Rxd7 26. Rxd7 Bxd7 27. Nxb4 $15) 22... f5 23. Bb7 Rc7 24. Bg2 Rcd7 25.
Nc2 Bc5 26. Rxd7 Rxd7 27. Ke1 Rc7 28. f4 $15 (28. Rc1 $2 b3 29. axb3 Bb4+ $19)
28... Kg7 29. Bf3 f6 30. Rd1 e5 31. e3 Be7 32. Rd2 Bc4 33. b3 Be6 34. Kd1 Rc3
35. Bd5 Kf7 36. Bxe6+ Kxe6 37. Ke1 {Tough defence by White.} h5 (37... Bc5 38.
Ke2 (38. Kf2)) 38. h4 Rc7 39. Kf2 Bd6 40. Ne1 Rc1 41. Rc2 Ra1 42. Rd2 Ke7 43.
Nf3 Rc1 44. Ne1 Bc5 45. Ng2 $1 $11 Ke6 46. Ke2 b5 (46... Rh1 47. Kf2) 47. Kf2
Bb6 48. Ke2 Rc3 49. Kf2 Bc5 50. Ke2 Ba7 51. Kf2 Ke7 $5 52. Ke2 Bb6 53. Rd5 (53.
Kf2 exf4 54. gxf4 $11) 53... Rc2+ 54. Kf1 exf4 $6 {Risky but called for by the
needs of the last round.} 55. Nxf4 (55. gxf4 Ke6 56. Rxb5 Bc5 57. Ne1 Rc3 58.
Ke2 Rxe3+ 59. Kd2 Rc3 60. Nd3 Bd6 61. Nxb4 Rh3 $44) 55... Bxe3 56. Rxf5 (56.
Nxh5 Rf2+ 57. Ke1 Rxa2 58. Rxb5 f4 $11) 56... Bxf4 57. Rxf4 Rxa2 58. Rxb4 f5 $1
(58... Ra5 59. Kf2 Ke6 60. Ke3 Ke5 61. Kf3 f5 62. Ke3 Kd5 63. Kf3 (63. Kf4 $4
Kc5) 63... Ke5 $11) 59. Rxb5 Kf6 (59... Ke6 60. Rc5 Rb2 61. Rc3 f4 62. gxf4 Kf5
$11) 60. Rc5 Rb2 61. Rc3 Ke5 62. Ke1 Ke4 63. Kd1 Rg2 64. Kc1 Kd4 65. Rf3 Ke4
66. Rf4+ Ke5 67. Rf3 Ke4 68. Rc3 Kd4 69. Rf3 Ke4 70. Rc3 Kd4 71. Rf3 Ke4 72.
Rc3 Ke5 1/2-1/2

[Event "Paracin Summer op-A 11th"]
[Site "Paracin"]
[Date "2018.07.10"]
[Round "6"]
[White "Atalik, Suat"]
[Black "Raja, Rithvik R"]
[Result "1/2-1/2"]
[WhiteElo "2509"]
[BlackElo "2343"]
[Annotator "Atalik,S"]
[PlyCount "42"]
[EventDate "2018.07.06"]
[EventType "swiss"]
[EventRounds "9"]
[EventCountry "SRB"]
[SourceTitle "CBM 186"]
[Source "ChessBase"]
[SourceDate "2018.09.14"]
[SourceVersion "1"]
[SourceVersionDate "2018.09.14"]
[SourceQuality "1"]

1. d4 d5 2. c4 e6 3. Nf3 a6 4. e3 Nf6 5. Nc3 b6 {Aiming for a QID setup.} 6.
Qa4+ (6. cxd5 $142 exd5 7. g3 $5) 6... c6 7. Qc2 $146 (7. cxd5 b5 8. Qd1 cxd5
9. a4 b4 10. Ne2) 7... Bb7 8. a3 (8. e4 dxe4 9. Nxe4 Bb4+ (9... c5 10. Nxf6+
Qxf6 11. Bg5) 10. Bd2 Bxd2+ 11. Nexd2 $13) (8. b3 $5) 8... Nbd7 (8... c5 9.
dxc5 bxc5 10. Bd3) 9. cxd5 (9. b4 dxc4 10. Bxc4 c5 11. dxc5 bxc5 12. b5 $11)
9... cxd5 10. Bd3 Bd6 11. O-O O-O 12. Bd2 h6 $2 (12... Rc8 13. Qb1 e5 14. dxe5
Nxe5 15. Nxe5 Bxe5 16. Ne2 Ne4 17. Bc3 Nxc3 18. bxc3 $15) 13. Rac1 Rc8 14. Qb1
$11 Qe7 15. Ne2 b5 (15... Ne4) 16. Ba5 Ne4 17. Rxc8 Rxc8 18. Rc1 Qe8 19. Rxc8
Qxc8 20. Qc2 Qxc2 21. Bxc2 Kf8 {I was happy to close the day with 1.5 out of 2.
} (21... Kf8 22. Nc1 $13) 1/2-1/2